La vengeance de Plouf / (Record no. 68306)
[ view plain ]
| 000 -LEADER | |
|---|---|
| fixed length control field | 00557cam0a220019300 4500 |
| 001 - CONTROL NUMBER | |
| control field | qcf00320162 |
| 005 - DATE AND TIME OF LATEST TRANSACTION | |
| control field | 20190815105640.0 |
| 008 - FIXED-LENGTH DATA ELEMENTS--GENERAL INFORMATION | |
| fixed length control field | 780711s1962 fr 000 0 fre d |
| 035 ## - SYSTEM CONTROL NUMBER | |
| System control number | (Sirsi) r121470 |
| 035 ## - SYSTEM CONTROL NUMBER | |
| System control number | (QCAT)lss02020282 |
| 035 ## - SYSTEM CONTROL NUMBER | |
| System control number | (UPRA)qcf00320162 |
| 040 ## - CATALOGING SOURCE | |
| Modifying agency | UPRA |
| 100 1# - MAIN ENTRY--PERSONAL NAME | |
| Personal name | Fourre, Pierre. |
| Linkage | A23652.1 |
| 245 13 - TITLE STATEMENT | |
| Title | La vengeance de Plouf / |
| Statement of responsibility, etc. | illustration de P. Neveu. |
| 260 ## - PUBLICATION, DISTRIBUTION, ETC. | |
| Place of publication, distribution, etc. | Paris : |
| Name of publisher, distributor, etc. | Didier, |
| Date of publication, distribution, etc. | c1962. |
| 490 0# - SERIES STATEMENT | |
| Series statement | Lire et savoir, 1229 |
| Linkage | S13248.1 |
| 949 ## - LOCAL PROCESSING INFORMATION (OCLC) | |
| a | PC2115 |
| w | lcc |
| i | -174681 |
| m | MAIN |
| t | BOOK |
| l | ON-SHELF |
No items available.